000 00426nam a22001577a 4500
020 _a9788189716578
082 _aM100 7
_bKRI/K
100 _aKrishnan Nair Chennithala
245 _aKavyam,hrudayam,bhasha/
_cby Krishnan Nair Chennithala
260 _aChengannur:
_bRainbow Books,
_c2008.
300 _a130p.
650 _aPoetry Malayalam Study
650 _aLiterature Malayalam
650 _aLiterature
942 _cBK
999 _c150361
_d150361